| 000 | 01157nac a22003491i 4500 | ||
|---|---|---|---|
| 003 | EG-ScBUE | ||
| 005 | 20221219105848.0 | ||
| 008 | 221219t1999 gw a f 001 0 eng d | ||
| 020 | _a3895082422 | ||
| 020 | _a9783895082429 | ||
| 040 |
_aEG-ScBUE _beng _erda _cEG-ScBUE _dEG-ScBUE |
||
| 041 | 1 |
_aeng _hita |
|
| 082 | 0 | 4 |
_a728.84094531 _bMUR _222 |
| 100 | 1 |
_aMuraro, Michelangelo, _eauthor. |
|
| 240 | 1 | 0 |
_aCivita delle ville venete. _lEnglish |
| 245 | 1 | 0 |
_aVenetian villas / _cMichelangelo Murano, Paolo Marton. |
| 250 | _aSecond revised English language edition. | ||
| 264 | 1 |
_aCologne : _bKönemann, _c[1999] |
|
| 264 | 4 | _cc1999 | |
| 300 |
_a358 pages : _bcolor illustrations ; _c34 cm |
||
| 336 |
_2rdacontent _atext _btxt |
||
| 337 |
_2rdamedia _aunmediated _bn |
||
| 338 |
_2rdacarrier _avolume _bnc |
||
| 500 | _aIncludes index. | ||
| 546 | _aText in English ; translated from the original Italian. | ||
| 650 | 7 |
_aArchitecture, Domestic _zItaly _zVenice. _2BUEsh |
|
| 651 | 7 |
_aVenice (Italy) _xBuildings, structures, etc. _2BUEsh |
|
| 653 | _bENGARC | ||
| 655 | _vReading book | ||
| 700 | 1 |
_aMarton, Paolo, _eauthor. |
|
| 942 |
_cBB _2ddc |
||
| 999 |
_c7826 _d7826 |
||